[Event "Tatra Limba Master 2022"]
[Site "Poronin"]
[Date "2022.01.08"]
[Round "4.11"]
[White "Rekuc, Patryk"]
[Black "Smietanska, Wiktoria"]
[Result "0-1"]
[WhiteElo "1662"]
[BlackElo "1910"]
[Annotator "ChessBase"]
[PlyCount "152"]
[EventDate "2022.01.07"]
[EventType "swiss"]
[EventCountry "POL"]
[SourceTitle "playchess.com"]
[Source "ChessBase"]
[SourceQuality "1"]
[TimeControl "5400+30"]

1. e4 {[%emt 0:00:02]} c5 {[%emt 0:00:05]} 2. Nf3 {[%emt 0:00:04]} d6 {[%emt 0:00:09]} 3. Bb5+ {[%emt 0:00:04]} Nd7 {[%emt 0:00:08]} 4. Ba4 {[%emt 0:00:05]} a6 {[%emt 0:00:07]} 5. c4 {[%emt 0:00:06]} e6 {[%emt 0:00:08]} 6. O-O {[%emt 0:00:19]} Ngf6 {[%emt 0:00:10]} 7. Nc3 {[%emt 0:00:24]} Be7 {[%emt 0:00:08]} 8. d4 {[%emt 0:02:01]} cxd4 {[%emt 0:00:07]} 9. Qxd4 {[%emt 0:00:13]} O-O {[%emt 0:00:07]} 10. Rd1 {[%emt 0:03:44]} Qc7 {[%emt 0:00:30]} 11. Bxd7 {[%emt 0:07:12]} Bxd7 {[%emt 0:00:24]} 12. Bf4 {[%emt 0:08:15]} Bc6 {[%emt 0:17:24]} 13. Bxd6 {[%emt 0:08:03]} Bxd6 {[%emt 0:00:10]} 14. Qxd6 {[%emt 0:00:04]} Qxd6 {[%emt 0:00:12]} 15. Rxd6 {[%emt 0:00:06]} Bxe4 {[%emt 0:00:55]} 16. Rad1 {[%emt 0:01:06]} Bxf3 {[%emt 0:01:04]} 17. gxf3 {[%emt 0:00:09]} Rac8 {[%emt 0:02:06]} 18. Rb6 {[%emt 0:07:27]} Rc7 {[%emt 0:01:29]} 19. b3 {[%emt 0:00:34]} Rfc8 {[%emt 0:01:20]} 20. Ne4 {[%emt 0:00:49]} Kf8 {[%emt 0:02:10]} 21. Kf1 {[%emt 0:03:31]} Ke7 {[%emt 0:00:31]} 22. Nxf6 {[%emt 0:03:58]} Kxf6 {[%emt 0:00:40]} 23. Ke2 {[%emt 0:00:12]} Ke7 {[%emt 0:00:54]} 24. Ke3 {[%emt 0:07:58]} Rd8 {[%emt 0:01:49]} 25. Rxd8 {[%emt 0:00:35]} Kxd8 {[%emt 0:00:07]} 26. c5 {[%emt 0:06:20]} Kc8 {[%emt 0:03:44]} 27. Kd4 {[%emt 0:02:22]} Rd7+ {[%emt 0:02:37]} 28. Ke3 {[%emt 0:00:43]} Kc7 {[%emt 0:00:23]} 29. Rb4 {[%emt 0:00:12]} Rd5 {[%emt 0:01:38]} 30. Rc4 {[%emt 0:00:17]} Rh5 {[%emt 0:00:27]} 31. h4 {[%emt 0:00:09]} Kc6 {[%emt 0:00:07]} 32. Rg4 {[%emt 0:06:45]} g6 {[%emt 0:00:18]} 33. Rf4 {[%emt 0:02:44]} Re5+ {[%emt 0:00:24]} 34. Kd4 {[%emt 0:01:49]} Rd5+ {[%emt 0:00:08]} 35. Ke3 {[%emt 0:00:06]} f5 {[%emt 0:02:20]} 36. b4 {[%emt 0:00:52]} e5 {[%emt 0:00:21]} 37. Rc4 {[%emt 0:00:08]} Kb5 {[%emt 0:00:19]} 38. Rc2 {[%emt 0:01:02]} Rd4 {[%emt 0:02:46]} 39. a3 {[%emt 0:00:23]} Rxh4 {[%emt 0:02:19]} 40. Rd2 {[%emt 0:02:23]} a5 {[%emt 0:03:53]} 41. Rd5 {[%emt 0:02:32]} e4 {[%emt 0:01:00]} 42. f4 {[%emt 0:03:50]} axb4 {[%emt 0:01:44]} 43. axb4 {[%emt 0:00:12]} Rh3+ {[%emt 0:01:30]} 44. Ke2 {[%emt 0:00:25]} Kxb4 {[%emt 0:00:21]} 45. Rd7 {[%emt 0:00:06]} Kxc5 {[%emt 0:00:12]} 46. Rxb7 {[%emt 0:00:06]} Kd6 {[%emt 0:00:21]} 47. Rb5 {[%emt 0:00:12]} Ke6 {[%emt 0:00:12]} 48. Ra5 {[%emt 0:00:14]} Kf6 {[%emt 0:00:11]} 49. Ra7 {[%emt 0:00:14]} h5 {[%emt 0:00:16]} 50. Ra6+ {[%emt 0:00:06]} Kg7 {[%emt 0:00:06]} 51. Ra7+ {[%emt 0:00:10]} Kh6 {[%emt 0:00:04]} 52. Ra1 {[%emt 0:00:52]} Rf3 {[%emt 0:00:12]} 53. Rg1 {[%emt 0:00:07]} Rxf4 {[%emt 0:00:05]} 54. Rg3 {[%emt 0:00:05]} h4 {[%emt 0:00:15]} 55. Rh3 {[%emt 0:00:03]} Kh5 {[%emt 0:00:06]} 56. Kf1 {[%emt 0:00:06]} g5 {[%emt 0:00:10]} 57. Ra3 {[%emt 0:00:04]} Kg4 {[%emt 0:00:18]} 58. Kg2 {[%emt 0:00:19]} h3+ {[%emt 0:00:11]} 59. Kg1 {[%emt 0:00:08]} h2+ {[%emt 0:00:23]} 60. Kh1 {[%emt 0:00:03]} Rf3 {[%emt 0:00:36]} 61. Ra2 {[%emt 0:00:14]} Rb3 {[%emt 0:00:47]} 62. Ra1 {[%emt 0:00:04]} Kf3 {[%emt 0:00:30]} 63. Kxh2 {[%emt 0:00:20]} Kxf2 {[%emt 0:00:41]} 64. Ra2+ {[%emt 0:00:27]} Kf3 {[%emt 0:00:15]} 65. Rg2 {[%emt 0:00:06]} Kf4 {[%emt 0:00:53]} 66. Rf2+ {[%emt 0:00:07]} Ke5 {[%emt 0:00:08]} 67. Kg2 {[%emt 0:00:02]} f4 {[%emt 0:00:05]} 68. Rc2 {[%emt 0:00:04]} Kf5 {[%emt 0:00:19]} 69. Rf2 {[%emt 0:00:08]} g4 {[%emt 0:00:09]} 70. Kg1 {[%emt 0:00:08]} g3 {[%emt 0:00:11]} 71. Rc2 {[%emt 0:00:06]} Kg4 {[%emt 0:00:13]} 72. Rc1 {[%emt 0:00:08]} e3 {[%emt 0:00:38]} 73. Rf1 {[%emt 0:00:05]} e2 {[%emt 0:00:30]} 74. Re1 {[%emt 0:00:05]} Rd3 {[%emt 0:00:09]} 75. Kh1 {[%emt 0:00:23]} Rd1 {[%emt 0:00:15]} 76. Kg2 {[%emt 0:00:03]} f3+ {[%emt 0:00:04]} 0-1

[Event "Tatra Limba Master 2022"]
[Site "Poronin"]
[Date "2022.01.08"]
[Round "5.2"]
[White "Zylka, Stanislaw"]
[Black "Kowalczyk, Pawel"]
[Result "1/2-1/2"]
[WhiteElo "2406"]
[BlackElo "2338"]
[Annotator "TA"]
[PlyCount "36"]
[EventDate "2022.01.07"]
[EventType "swiss"]
[EventCountry "POL"]
[SourceTitle "playchess.com"]
[Source "ChessBase"]
[SourceQuality "1"]

{[%evp 17,18,0,0]} 1. d4 d5 2. c4 e6 3. Nf3 Nf6 4. g3 Be7 5. Bg2 O-O 6. O-O c6 7. Nc3 b6 8. Ne5 Bb7 9. cxd5 cxd5 {[#]} {Predecessor:} 10. Qa4 $146 {E06: Closed Catalan: Early deviations.} Nfd7 11. Nf3 Nc6 12. Bf4 a6 13. Rfc1 b5 14. Qd1 Rc8 15. a3 Re8 16. e4 dxe4 17. Nxe4 Na5 18. Rxc8 Qxc8 {0-1 (39) Nuri,M (2313)-Haznedaroglu,K (2458) Ankara 2018} 1/2-1/2

[Event "Tatra Limba Master 2022"]
[Site "Poronin"]
[Date "2022.01.08"]
[Round "5.3"]
[White "Ustianovich, Nazar"]
[Black "Gajdzica, Maciej"]
[Result "1-0"]
[WhiteElo "2344"]
[BlackElo "1960"]
[Annotator "TA"]
[PlyCount "79"]
[EventDate "2022.01.07"]
[EventType "swiss"]
[EventCountry "POL"]
[SourceTitle "playchess.com"]
[Source "ChessBase"]
[SourceQuality "1"]

{[%evp 25,78,0,0,0,0,0,17,17,11,3,43,42,71,74,124,115,143,70,108,56,85,59,68,73,67,56,79,73,90,81,157,66,72,95,91,81,231,237,281,278,281,281,356,214,315,241,335,314,581,547,1046,1025,1344,1348,29999]} 1. d4 d5 2. c4 e6 3. Nc3 Nf6 4. Nf3 dxc4 5. e3 a6 6. a4 c5 7. Bxc4 cxd4 8. exd4 Be7 9. O-O O-O 10. Qe2 Nc6 11. Rd1 Nb4 12. Bg5 Bd7 13. Ne5 Bc6 14. Nxc6 {D27: Queen's Gambit Accepted: Classical main line: 7 e4!? and 7 a4.} bxc6 15. a5 Nfd5 {Pair of Knights! 15...Nfd5 has become a bit dusty these days.} 16. Bxe7 {The position is equal.} Qxe7 17. Na4 Qg5 18. Nc5 Rfd8 {[#]} 19. g3 $146 ({Predecessor:} 19. Qe5 Qg6 20. Rdc1 Qh6 21. Bf1 Qd2 22. Rab1 h6 23. Rc4 Rab8 24. Ne4 Qf4 25. Qxf4 Nxf4 {1-0 (35) Miladinovic,I (2555)-Kofidis,A (2380) Panormo 1998}) 19... h5 ({Better is} 19... Rdb8) 20. h4 $1 $16 Qf5 21. Rd2 (21. Ra4 $16) 21... Nf6 22. Re1 (22. Bxa6 Nxa6 23. Nxa6 Ne4 $17) (22. Nxa6 $16 Nxa6 23. Bxa6) 22... Kh8 23. Red1 Qh3 24. Qf3 {Active counter play!} (24. Nxa6 $2 Nxa6 25. Qf1 Qxf1+ 26. Bxf1 g6 $19) 24... Ra7 25. Bf1 Qg4 26. Qe3 Nbd5 27. Qe5 Nd7 (27... Nb4 $142) 28. Qd6 (28. Nxd7 $16 Raxd7 29. Bxa6) 28... g5 $1 $14 29. Be2 (29. Nxa6 gxh4 30. Nc5 Qg5 $11) 29... Qf5 30. Bd3 $36 {[%mdl 2048] White is on the roll.} (30. Nxa6 gxh4 31. Nc5 (31. Qxc6 $2 hxg3 32. fxg3 Rg8 $19) 31... hxg3 32. fxg3 Rg8 $1 33. Nxd7 Rxd7 $1 34. Qe5+ (34. Qxd7 $2 Rxg3+ 35. Kh2 Qh3#) 34... Qxe5 35. dxe5 Rxg3+ 36. Kf2 Rg5 $15) 30... Qf6 {[#] This costs Black the game.} (30... Qg4 $16) 31. Ne4 $1 $18 (31. Nxa6 gxh4 32. Nb4 Nxb4 33. Qxb4 hxg3 34. fxg3 Qf3 $17) 31... Qxd4 {Strongly threatening ...gxh4.} 32. Nxg5 Qg7 33. Be2 Qf6 34. Ne4 ({Much less strong is} 34. Bxh5 Ne5 35. Qc5 Rb7 $18) 34... Qg7 (34... Qf5 $142) 35. Bxh5 {Hoping for Ng5.} Rf8 36. Ng5 ({Weaker is} 36. Qxc6 Ne5 37. Qa4 Nf4 $18) 36... Ne5 $2 (36... N7f6 {was called for.} 37. Be2 Rc8) 37. Re2 Nc4 38. Qc5 Nxb2 {[#]} 39. Rxb2 $1 {[%mdl 512]} Qxb2 (39... Re7 40. Rxd5) 40. Qxf8# {Weighted Error Value: White=0.20 (precise) /Black=0.71} 1-0

[Event "Tatra Limba Master 2022"]
[Site "Poronin"]
[Date "2022.01.08"]
[Round "5.4"]
[White "Bartoszczuk, Adam"]
[Black "Mirski, Michal"]
[Result "1/2-1/2"]
[WhiteElo "1380"]
[BlackElo "2039"]
[Annotator "TA"]
[PlyCount "45"]
[EventDate "2022.01.07"]
[EventType "swiss"]
[EventCountry "POL"]
[SourceTitle "playchess.com"]
[Source "ChessBase"]
[SourceQuality "1"]

{[%evp 31,45,38,48,31,36,27,41,42,40,18,69,42,36,23,47,35]} 1. e4 c5 2. Nf3 g6 3. d4 cxd4 4. Nxd4 Nc6 5. c4 Nf6 6. Nc3 d6 7. f3 Nxd4 8. Qxd4 Bg7 9. Be3 O-O 10. Qd2 Be6 11. Rc1 Qa5 12. b3 Rfc8 13. Be2 a6 14. Na4 Qxd2+ 15. Kxd2 Nd7 16. g4 f5 17. gxf5 {B36: Sicilian: Maroczy Bind: Gurgenidze System.} gxf5 18. Rhg1 Kh8 19. Nc3 {[%cal Ba4c3,Bc3e4,Be4g5][%mdl 32]} fxe4 20. Nxe4 {[#]} (20. fxe4 $5 {[%cal Rc3d5]} Bf7 21. Rcf1 $14) 20... Nc5 $146 ({Better is} 20... b5 $11) ({Predecessor:} 20... Rf8 21. f4 Rad8 22. Ng5 Bg8 23. Bg4 d5 24. Bxd7 Rxd7 25. cxd5 e5 26. f5 Bxd5 {0-1 (68) Kreisl,R (2398)-Sebenik,M (2573) Sibenik 2012}) 21. Ng5 {[#] And now Bxc5 would win.} Bg8 22. Rg4 b5 23. Rcg1 {Weighted Error Value: White=0.13 (very precise) /Black=0.20 (precise)} 1/2-1/2

[Event "Tatra Limba Master 2022"]
[Site "Poronin"]
[Date "2022.01.08"]
[Round "5.6"]
[White "Smietanska, Wiktoria"]
[Black "Wysocki, Mateusz"]
[Result "1/2-1/2"]
[WhiteElo "1910"]
[BlackElo "1848"]
[Annotator "TA"]
[PlyCount "52"]
[EventDate "2022.01.07"]
[EventType "swiss"]
[EventCountry "POL"]
[SourceTitle "playchess.com"]
[Source "ChessBase"]
[SourceQuality "1"]

{[%evp 20,52,42,41,48,41,41,58,64,55,48,52,97,35,45,40,52,9,25,23,23,25,20,0,28,28,28,15,20,22,25,0,28,28,28]} 1. c4 e5 2. Nc3 Nc6 3. Nf3 g6 4. d4 exd4 5. Nxd4 Bg7 6. Nxc6 bxc6 7. g3 Ne7 8. Bg2 O-O 9. O-O d6 10. Bg5 {10.Qc2 deserves study.} Rb8 11. Qd2 Be6 {A27: English Opening: Three Knights Variation.} 12. b3 c5 13. Rad1 {[#]} a6 $146 {White is slightly better.} ({Predecessor:} 13... f6 14. Bh6 Qd7 15. Bxg7 Kxg7 16. Ne4 Rbd8 17. Qa5 Nc6 18. Qa3 Qe8 19. Qa6 Bc8 20. Nxf6 Bxa6 21. Nxe8+ Rdxe8 22. Bxc6 Rxe2 {½-½ (26) Bailet,P (2493)-Guliyev,N (2532) Liffre 2018}) 14. Ne4 {[%cal Oe4c5] Black must now prevent Nxc5! White is more active.} f6 15. Bf4 Qe8 {[#]} (15... g5 $14 16. Nxc5 (16. Be3 Nf5 $11) 16... dxc5) 16. h4 (16. Qa5 $1 $16 {[%cal Ra5c7]} Rc8 17. Qxa6) 16... Nf5 $14 17. Nc3 Ne7 18. Nd5 (18. Bf3 $14 {is more appropriate.}) 18... Nxd5 $11 19. Bxd5 Bxd5 20. Qxd5+ Qf7 21. Qxf7+ Kxf7 22. Bd2 Rfe8 23. Rfe1 f5 {[%cal Oa6a5]} 24. Ba5 Re7 25. e3 Rc8 26. Rd5 Re5 {Weighted Error Value: White=0.11 (very precise) /Black=0.08 (flawless)} 1/2-1/2

[Event "Tatra Limba Master 2022"]
[Site "Poronin"]
[Date "2022.01.08"]
[Round "5.7"]
[White "Rejniak, Zuzanna"]
[Black "Reichel, Lukasz"]
[Result "1/2-1/2"]
[WhiteElo "1799"]
[BlackElo "1748"]
[Annotator "NA RC"]
[PlyCount "33"]
[EventDate "2022.01.07"]
[EventType "swiss"]
[EventCountry "POL"]
[SourceTitle "playchess.com"]
[Source "ChessBase"]
[SourceQuality "1"]
[TimeControl "5400+30"]

1. e4 {[%emt 0:00:01]} c5 {[%emt 0:00:11]} 2. Nf3 {[%emt 0:00:05]} d6 {[%emt 0:00:05]} 3. Bb5+ {[%emt 0:00:04]} Bd7 {[%emt 0:00:07]} 4. Bxd7+ {[%emt 0:00:05]} Qxd7 {[%emt 0:00:05]} 5. O-O {[%emt 0:00:08]} Nc6 {[%emt 0:00:51]} 6. c3 {[%emt 0:00:41]} Nf6 {[%emt 0:00:28]} 7. Re1 {[%emt 0:00:05]} e6 {[%emt 0:01:04]} 8. d4 {[%emt 0:00:12]} cxd4 {[%emt 0:00:08]} 9. cxd4 {[%emt 0:00:04]} d5 {[%emt 0:00:11]} 10. e5 {[%emt 0:00:03]} Ne4 {[%emt 0:00:08]} 11. Nbd2 {[%emt 0:00:04]} Nxd2 {[%emt 0:00:27]} 12. Bxd2 {[%emt 0:00:04]} Be7 {[%emt 0:00:50]} 13. Rc1 {[%emt 0:00:05]} O-O {[%emt 0:01:27]} 14. a3 {[%emt 0:00:12]} a5 {[%emt 0:03:53]} 15. Rc3 {[%emt 0:10:48]} a4 {[%emt 0:11:31]} 16. Qb1 {[%emt 0:15:26]} h6 17. Rec1 1/2-1/2

[Event "Tatra Limba Master 2022"]
[Site "Poronin"]
[Date "2022.01.08"]
[Round "5.8"]
[White "Golis, Wiktor"]
[Black "Starosciak, Szymon"]
[Result "0-1"]
[WhiteElo "1553"]
[BlackElo "1986"]
[Annotator "TA"]
[PlyCount "110"]
[EventDate "2022.01.07"]
[EventType "swiss"]
[EventCountry "POL"]
[SourceTitle "playchess.com"]
[Source "ChessBase"]
[SourceQuality "1"]

{[%evp 15,110,8,18,15,50,40,46,43,48,43,50,42,36,0,0,3,7,7,11,-26,-31,-41,-38,-36,-23,-49,-57,-50,-50,-64,-53,-61,-55,-58,-60,-152,-152,-152,-150,-139,-130,-228,-233,-213,-226,-279,-273,-236,-189,-466,-387,-459,-450,-325,-319,-601,-597,-551,-597,-564,-593,-564,-553,-543,-537,-511,-497,-718,-689,-717,-727,-683,-696,-929,-1117,-1319,-1234,-1319,-1237,-1013,-882,-1158,-713,-4082,-1787,-4650,-4486,-4133,-3452,-1877,0,-1794,-1588,-2628,-3357,-29971,-5606]} 1. d4 Nf6 2. c4 c6 3. Nc3 d5 4. cxd5 cxd5 5. Bf4 Nc6 6. e3 a6 7. Be2 Bf5 8. Nf3 e6 9. Qb3 {D13: Slav Defence: Exchange variation without ...Bf5.} Bb4 10. O-O O-O 11. Ne5 {[#] White is slightly better.} Bd6 $146 ({Predecessor:} 11... Qe7 12. Nxc6 bxc6 13. Na4 Bd6 14. Bxd6 Qxd6 15. Rfc1 a5 16. Qc3 Qb4 17. Qxc6 Qd2 18. Bf3 g5 19. Qc3 Rab8 {1-0 (19) Palac,M (2592)-Hera,I (2536) Obertraun 2011}) 12. Nxc6 ({Not} 12. Qxb7 $2 Na5 13. Nc6 Nxb7 $19) 12... bxc6 13. Bxd6 Qxd6 14. Qa3 Qxa3 15. bxa3 c5 16. dxc5 Rac8 {[%cal Ba8c8,Bc8c5,Bc5a5][%mdl 32]} 17. Na4 Bc2 18. Nb2 Rxc5 19. Rfc1 Rb8 20. Nd3 {[#]} Bxd3 21. Bxd3 Ra5 22. Rab1 Rxb1 23. Rxb1 $15 {[%mdl 4096] Endgame Threatening mate with Rb8+. KRB-KRN} g6 24. Rb3 Nd7 25. f4 {Black keeps a firm grip on the game.} (25. Kf1 $15) 25... Nc5 $17 26. Rc3 Nxd3 27. Rxd3 {KR-KR} Rc5 28. Kf2 (28. Kf1 $17) 28... Rc2+ $19 29. Kf3 Rxa2 30. Rb3 h5 31. h4 Kg7 {[#] Threatens to win with ...Kf6.} 32. Rc3 $2 (32. g3) 32... a5 {[%cal Ba6a5,Ba5a4][%mdl 32]} 33. Rb3 a4 34. Rd3 Kf6 35. g4 $2 (35. Kg3) 35... hxg4+ 36. Kxg4 Ra1 37. Kg3 Kf5 38. Kf3 Ra2 39. Rc3 f6 {White must now prevent ...Rb2.} 40. Rd3 Ra1 41. Rc3 (41. Ke2 $142 Kg4 42. Rc3) 41... Rb1 42. Rc5 {[%csl Gf3][%cal Re3e4]} Rb3 43. Ra5 Rxa3 44. Rb5 g5 45. fxg5 fxg5 46. h5 Rb3 47. Ra5 Rb4 48. Ra6 Rh4 49. h6 Rh3+ (49... g4+ $142 50. Kf2 Rxh6 51. Rxa4 Rh2+ 52. Kg1 Re2 53. Rf4+ Ke5 54. Rxg4 Rxe3) 50. Kf2 Rxh6 51. Rxa4 Rh4 52. Ra8 Rh6 {And now ...Rh2+ would win.} 53. Ra4 $1 e5 {Hoping for ...Rh2+.} 54. Ra5 Rh2+ 55. Ke1 Ke4 {Weighted Error Value: White=0.78/Black=0.16 (very precise)} 0-1

[Event "Tatra Limba Master 2022"]
[Site "Poronin"]
[Date "2022.01.08"]
[Round "5.9"]
[White "Kotowicz, Kamil"]
[Black "Mroz, Lena"]
[Result "1/2-1/2"]
[WhiteElo "1732"]
[BlackElo "1835"]
[Annotator "NA RC"]
[PlyCount "33"]
[EventDate "2022.01.07"]
[EventType "swiss"]
[EventCountry "POL"]
[SourceTitle "playchess.com"]
[Source "ChessBase"]
[SourceQuality "1"]
[TimeControl "5400+30"]

1. d4 {[%emt 0:00:16]} f5 {[%emt 0:00:06]} 2. Bg5 {[%emt 0:00:25]} h6 {[%emt 0:00:15]} 3. Bh4 {[%emt 0:00:05]} g5 {[%emt 0:00:07]} 4. Bg3 {[%emt 0:00:04]} Nf6 {[%emt 0:00:15]} 5. e3 {[%emt 0:00:09]} e6 {[%emt 0:00:35]} 6. Nf3 {[%emt 0:01:14]} d6 {[%emt 0:02:29]} 7. Nc3 {[%emt 0:01:43]} Qe7 {[%emt 0:01:54]} 8. Bc4 {[%emt 0:03:09]} Nc6 {[%emt 0:02:57]} 9. Qd2 {[%emt 0:05:09]} Bd7 {[%emt 0:03:54]} 10. O-O-O {[%emt 0:00:35]} O-O-O {[%emt 0:01:03]} 11. d5 {[%emt 0:04:59]} exd5 {[%emt 0:06:02]} 12. Nxd5 {[%emt 0:00:16]} Nxd5 {[%emt 0:00:45]} 13. Bxd5 {[%emt 0:01:01]} Bg7 {[%emt 0:01:53]} 14. Rhe1 {[%emt 0:03:41]} Qf6 {[%emt 0:04:25]} 15. c3 {[%emt 0:01:31]} Kb8 {[%emt 0:01:35]} 16. h3 {[%emt 0:03:56]} Ne7 {[%emt 0:09:45]} 17. Bb3 {[%emt 0:02:00]} 1/2-1/2

[Event "Tatra Limba Master 2022"]
[Site "Poronin"]
[Date "2022.01.08"]
[Round "5.10"]
[White "Kozlowski, Franciszek"]
[Black "Gepfert, Cyprian"]
[Result "1/2-1/2"]
[WhiteElo "1523"]
[BlackElo "1743"]
[Annotator "NA RC"]
[PlyCount "83"]
[EventDate "2022.01.07"]
[EventType "swiss"]
[EventCountry "POL"]
[SourceTitle "playchess.com"]
[Source "ChessBase"]
[SourceQuality "1"]
[TimeControl "5400+30"]

1. d4 {[%emt 0:00:03]} Nf6 {[%emt 0:00:05]} 2. Nf3 {[%emt 0:00:06]} g6 {[%emt 0:00:13]} 3. Bg5 {[%emt 0:00:11]} Bg7 {[%emt 0:00:13]} 4. c3 {[%emt 0:00:15]} d5 {[%emt 0:00:29]} 5. Nbd2 {[%emt 0:01:38]} Nbd7 {[%emt 0:01:48]} 6. e3 {[%emt 0:01:07]} O-O {[%emt 0:00:26]} 7. Rc1 {[%emt 0:00:54]} c5 {[%emt 0:01:42]} 8. Bd3 {[%emt 0:01:02]} b6 {[%emt 0:01:37]} 9. e4 {[%emt 0:01:36]} dxe4 {[%emt 0:01:19]} 10. Nxe4 {[%emt 0:01:32]} Bb7 {[%emt 0:02:24]} 11. Nxf6+ {[%emt 0:01:55]} exf6 {[%emt 0:02:19]} 12. Be3 {[%emt 0:00:44]} cxd4 {[%emt 0:01:30]} 13. cxd4 {[%emt 0:01:31]} f5 {[%emt 0:01:46]} 14. O-O {[%emt 0:01:10]} Nf6 {[%emt 0:00:32]} 15. Bc4 {[%emt 0:04:50]} Ng4 {[%emt 0:05:17]} 16. h3 {[%emt 0:01:25]} Nxe3 {[%emt 0:00:25]} 17. fxe3 {[%emt 0:00:11]} Qd6 {[%emt 0:04:28]} 18. Qb3 {[%emt 0:02:34]} Rad8 {[%emt 0:03:51]} 19. Qa3 {[%emt 0:08:06]} Qxa3 {[%emt 0:00:38]} 20. bxa3 {[%emt 0:00:10]} Bd5 {[%emt 0:02:47]} 21. Bb3 {[%emt 0:03:43]} Rd7 {[%emt 0:01:28]} 22. Rc2 {[%emt 0:02:23]} Re8 {[%emt 0:01:26]} 23. Ba4 {[%emt 0:03:17]} Rde7 {[%emt 0:02:26]} 24. Bxe8 {[%emt 0:01:04]} Rxe8 {[%emt 0:00:05]} 25. Kf2 {[%emt 0:03:21]} f4 {[%emt 0:02:39]} 26. exf4 {[%emt 0:01:00]} Bxf3 {[%emt 0:00:13]} 27. Kxf3 {[%emt 0:00:31]} Bxd4 {[%emt 0:00:06]} 28. Re2 {[%emt 0:02:44]} Rc8 {[%emt 0:00:14]} 29. Kg3 {[%emt 0:00:26]} a5 {[%emt 0:01:21]} 30. Rf3 {[%emt 0:00:29]} Bc5 {[%emt 0:00:20]} 31. Rd3 {[%emt 0:00:33]} Kg7 {[%emt 0:00:39]} 32. Kf3 {[%emt 0:00:10]} h5 {[%emt 0:00:11]} 33. Rc2 {[%emt 0:03:56]} Re8 {[%emt 0:00:28]} 34. Re2 {[%emt 0:00:33]} Rc8 {[%emt 0:00:13]} 35. g4 hxg4+ {[%emt 0:00:39]} 36. Kxg4 {[%emt 0:13:38]} Rh8 {[%emt 0:00:30]} 37. f5 {[%emt 0:01:09]} gxf5+ {[%emt 0:05:16]} 38. Kxf5 {[%emt 0:00:18]} Rh5+ {[%emt 0:02:31]} 39. Kg4 {[%emt 0:00:44]} Rh6 {[%emt 0:00:11]} 40. Rg2 {[%emt 0:04:16]} Be7 {[%emt 0:11:09]} 41. Kf5+ {[%emt 0:04:19]} Kf8 {[%emt 0:01:23]} 42. Rc3 1/2-1/2

[Event "Tatra Limba Master 2022"]
[Site "Poronin"]
[Date "2022.01.08"]
[Round "5.11"]
[White "Radzimski, Antoni"]
[Black "Liskiewicz, Jakub"]
[Result "0-1"]
[WhiteElo "1613"]
[BlackElo "1598"]
[Annotator "NA RC"]
[PlyCount "60"]
[EventDate "2022.01.07"]
[EventType "swiss"]
[EventCountry "POL"]
[SourceTitle "playchess.com"]
[Source "ChessBase"]
[SourceQuality "1"]
[TimeControl "5400+30"]

1. e4 {[%emt 0:00:01]} g6 {[%emt 0:00:08]} 2. d4 {[%emt 0:00:06]} Bg7 {[%emt 0:00:07]} 3. Nc3 {[%emt 0:00:37]} d6 {[%emt 0:00:12]} 4. f4 {[%emt 0:00:19]} Na6 {[%emt 0:00:21]} 5. Nf3 {[%emt 0:00:35]} c6 {[%emt 0:00:21]} 6. a3 {[%emt 0:00:21]} Nc7 {[%emt 0:00:15]} 7. Bd3 {[%emt 0:00:36]} d5 {[%emt 0:01:06]} 8. e5 {[%emt 0:01:19]} Nh6 {[%emt 0:02:12]} 9. h3 {[%emt 0:02:49]} Bf5 {[%emt 0:04:15]} 10. g4 {[%emt 0:02:12]} Bxd3 {[%emt 0:00:15]} 11. Qxd3 {[%emt 0:00:19]} Qd7 {[%emt 0:02:28]} 12. Be3 {[%emt 0:01:34]} f6 {[%emt 0:08:40]} 13. O-O-O {[%emt 0:01:50]} O-O-O {[%emt 0:00:57]} 14. Na4 {[%emt 0:03:47]} b6 {[%emt 0:03:29]} 15. Nc3 {[%emt 0:06:58]} Kb7 {[%emt 0:06:03]} 16. a4 {[%emt 0:10:04]} f5 {[%emt 0:03:36]} 17. g5 {[%emt 0:01:14]} Nf7 {[%emt 0:00:15]} 18. a5 {[%emt 0:00:35]} e6 {[%emt 0:08:02]} 19. Na4 {[%emt 0:04:11]} Bf8 {[%emt 0:09:15]} 20. Nd2 {[%emt 0:04:03]} c5 {[%emt 0:06:27]} 21. axb6 {[%emt 0:21:14]} c4 {[%emt 0:05:00]} 22. Nxc4 {[%emt 0:09:07]} dxc4 {[%emt 0:06:38]} 23. Qxc4 {[%emt 0:00:07]} Nd5 {[%emt 0:00:15]} 24. Nc5+ {[%emt 0:00:37]} Bxc5 {[%emt 0:00:09]} 25. dxc5 {[%emt 0:00:06]} axb6 {[%emt 0:02:01]} 26. cxb6 {[%emt 0:05:13]} Ra8 {[%emt 0:04:37]} 27. Qd4 {[%emt 0:05:07]} Rhc8 {[%emt 0:08:30]} 28. Qd3 {[%emt 0:04:51]} Qc6 {[%emt 0:02:49]} 29. Rh2 {[%emt 0:03:12]} Ra1+ {[%emt 0:01:21]} 30. Kd2 {[%emt 0:00:19]} Qxc2+ {[%emt 0:01:07]} 0-1